<?xml version="1.0" encoding="UTF-8"?>
<record
    xmlns:xsi="http://www.w3.org/2001/XMLSchema-instance"
    xsi:schemaLocation="http://www.loc.gov/MARC21/slim http://www.loc.gov/standards/marcxml/schema/MARC21slim.xsd"
    xmlns="http://www.loc.gov/MARC21/slim">

  <leader>01170    a2200229   4500</leader>
  <controlfield tag="003">OSt</controlfield>
  <controlfield tag="005">20251208171347.0</controlfield>
  <controlfield tag="008">251208b        |||||||| |||| 00| 0 eng d</controlfield>
  <datafield tag="020" ind1=" " ind2=" ">
    <subfield code="a">9789339204808</subfield>
  </datafield>
  <datafield tag="100" ind1=" " ind2=" ">
    <subfield code="a">Harrington S.</subfield>
    <subfield code="9">215677</subfield>
  </datafield>
  <datafield tag="245" ind1=" " ind2=" ">
    <subfield code="a">Computer Graphics</subfield>
  </datafield>
  <datafield tag="250" ind1=" " ind2=" ">
    <subfield code="a">2nd Ed.</subfield>
  </datafield>
  <datafield tag="260" ind1=" " ind2=" ">
    <subfield code="b">McGrawHill Edu</subfield>
    <subfield code="c">2014</subfield>
    <subfield code="a">Chennai</subfield>
  </datafield>
  <datafield tag="300" ind1=" " ind2=" ">
    <subfield code="a">466pp</subfield>
  </datafield>
  <datafield tag="500" ind1=" " ind2=" ">
    <subfield code="a">Simple and step-by-step explanation with screenshots for better understanding
Encourages &#x201C;hands-on and &#x201C;learn-by-doing&#x201D; attitude
Follows problem solving approach</subfield>
  </datafield>
  <datafield tag="520" ind1=" " ind2=" ">
    <subfield code="a">The book provides guidance for developing a graphics system, suggestions for modifications and extensions of the systems and application problems which make use of the system. The advantage of this approach are a high level of student involvement, an understanding of the systems aspects of graphics software, a realistic feeling for graphics system capabilities and ease of use and greater feeling of accomplishment.</subfield>
  </datafield>
  <datafield tag="650" ind1="0" ind2="1">
    <subfield code="a">Geometry and line generation</subfield>
    <subfield code="9">215757</subfield>
  </datafield>
  <datafield tag="650" ind1="0" ind2="2">
    <subfield code="a">Graphics Primitives</subfield>
    <subfield code="9">215758</subfield>
  </datafield>
  <datafield tag="650" ind1="0" ind2="3">
    <subfield code="a">Polygons</subfield>
    <subfield code="9">215759</subfield>
  </datafield>
  <datafield tag="650" ind1="0" ind2="4">
    <subfield code="a">Windowing and Clipping</subfield>
    <subfield code="9">215760</subfield>
  </datafield>
  <datafield tag="942" ind1=" " ind2=" ">
    <subfield code="c">BK</subfield>
    <subfield code="2">ddc</subfield>
  </datafield>
  <datafield tag="999" ind1=" " ind2=" ">
    <subfield code="c">369296</subfield>
    <subfield code="d">369296</subfield>
  </datafield>
  <datafield tag="952" ind1=" " ind2=" ">
    <subfield code="0">0</subfield>
    <subfield code="1">0</subfield>
    <subfield code="2">ddc</subfield>
    <subfield code="4">0</subfield>
    <subfield code="7">0</subfield>
    <subfield code="8">MCA</subfield>
    <subfield code="a">001</subfield>
    <subfield code="b">001</subfield>
    <subfield code="d">2025-12-06</subfield>
    <subfield code="e">8</subfield>
    <subfield code="g">825.00</subfield>
    <subfield code="l">0</subfield>
    <subfield code="p">KBJP-BK-2901</subfield>
    <subfield code="r">2025-12-06 00:00:00</subfield>
    <subfield code="v">1100.00</subfield>
    <subfield code="w">2025-12-06</subfield>
    <subfield code="y">BK</subfield>
    <subfield code="z">2901</subfield>
  </datafield>
</record>
